00464nam a2200181Ia 450000500170000000800410001702000150005808200130007310000170008624500140010326000120011730000120012965000100014165000130015194200060016495200970017099900150026720241120054815.0240331s9999 xx 000 0 und d a955957261X bRANa894 aRanaweera, E 0aWith Maya a c1997 a82 P ., aPoems aCultural cL 001040708LaWERCLbWERCLcSSCd2024-03-31l0o 894.8 RANp1918r2024-03-31w2024-03-31yL c3387d3387